000 00918nam a2200205 i 4500
001 27653
003 ES-MaACL
005 20230906153656.0
007 t|
008 030115s1942 sp ||||1| spa d
100 1 _aArbelo Curbelo, Antonio.
_922385
245 1 0 _aTerritorrios españoles del Golfo de Guinea
_b: contribución al estudio de la despoblación indígena en los territorios españoles del Golfo de Guinea con particularidad en Fernando Poo : Campaña sanitaria 1939-1940 /
_cpor Antonio Arbelo Curbelo y R. Villarino Ulloa.
260 _aMadrid :
_b[s.n.,
_c1942] (
_fDiana Artes Gráficas)
300 _a103 p. ;
_c25 cm.
650 4 _aMujeres-
_xSalud e higiene-
_zGuinea Ecuatorial.
_9160602
650 4 _aNiños-
_xMortalidad-
_zGuinea Ecuatorial.
_9160603
650 4 _aFecundidad humana-
_zGuinea Ecuatorial.
_9160604
700 1 _aVillarino Ulloa, R.
_9115128
852 _aES-MaACL
_j1840-F-12
_bR.19889
999 _c27653
_d27653